Countries that start with E- Historical Mode - Statistics

General Stats
  • This quiz has been taken 22 times
  • The average score is 7 of 10
Answer Stats
Hint Answer % Correct
Present Day Eritrea
95%
Present Day Ethiopia
90%
Present Day Ecuador
80%
Present Day Egypt
80%
Present Day El Salvador
80%
Present Day East Timor
75%
Present Day Estonia
70%
Present Day Equatorial Guinea
65%
Present Day Eswatini
55%
1990's East Germany
30%
No matching quizzes found
Score Distribution
Percent of People with Each Score
Percentile by Number Answered
Your Score History
You have not taken this quiz